Old Names of Countries - Statistics

General Stats
  • This quiz has been taken 566 times
  • The average score is 7 of 10
Answer Stats
Former name And today % Correct
Persia Iran
97%
Siam Thailand
88%
Zaire Democratic Republic of the Congo
84%
Southern Rhodesia Zimbabwe
81%
Ceylon Sri Lanka
79%
South-West Africa Namibia
76%
Gaul France
72%
Kampuchea Cambodia
68%
Upper Volta Burkina Faso
51%
Joseon / Choseon Korea (North and South )
50%
No matching quizzes found
Score Distribution
Percent of People with Each Score
Percentile by Number Answered
Your Score History
You have not taken this quiz